01628 a2200241 450000500170000000800410001704000680005804100080012604100080013424500430014226000550018530000460024050003760028650803400066251101580100254600720116065000410123265000330127365000200130670000290132671000150135571000160137020140904100410.0140318s2010 xxu g 0 m mul d aCO-BoUCMbspacJose A. Gerena (modificó)dAldemar Mondragón aeng afre00aLegioncScott Stewart, directorh[DVD] aWashington D.C. (Estados Unidos)bBold Filmsc2010 a1 DVD, 100 minutosbimagen, sonido, color aSINOPSIS: Una cena fuera de la vía se convierte en el campo de batalla poco probable para la supervivencia de la raza humana. Cuando Dios pierde la fe en la humanidad, envía a su legión de ángeles para traer el Apocalipsis. La única esperanza de la humanidad es un grupo de extraños atrapados en una cafetería del desierto con el Arcángel Miguel (Bettany) aCRÉDITOS: Dirigida por Scott Stewart ; escrita por Peter Schink y Scott Stewart ; música por John Frizzell ; fotografía por John Lindley ; diseño de producción por Jeff Higinbotham ; dirección de arte por Austin Gorg ; ambientación por Gabrielle Petrissans ; vestuario por Wendy Partridge ; animación por Ryan B. Clarke0 aREPARTO: Paul Bettany, Lucas Black, Tyrese Gibson, Adrianne Palicki, Charles S. Dutton, Jon Tenney, Kevin Durand, Willa Holland, Kate Walsh, Dennis Quaid aAudio en inglés y francés. Subtítulos en inglés y francés 7aPelículas cinematográficasvDVD  7aPelículas de acciónvDVD 7aÁngeles vDVD1 aStewart, Scottedirector2 aBold Films2 aScreen Gems